000 02033cam a2200361 4500500
005 20251228073526.0
041 _afre
042 _adc
100 1 0 _aBataillard, Pascal
_eauthor
245 0 0 _aNabokov le nymphome, ou le sinthome d'après Joyce
260 _c2012.
500 _a61
520 _aRésuméPrenant acte de l’intérêt particulier que Nabokov nourrit pour Joyce, nous nous appuierons sur la théorie du sinthome développée par Lacan et rendrons compte de la manière dont Joyce supplée la carence paternelle par son art de l’écriture pour relire Nabokov avec, tout particulièrement, Autres rivages et Lolita. De cette manière, nous donnerons une autre place aux papillons que Nabokov poursuivit sa vie durant, ainsi qu’à Lolita, qui donna son nom aux nymphettes des générations à venir, pour forger le terme de nymphome qui nous permettra de nommer Nabokov en artiste de la métamorphose et de l’exil.
520 _aNabokov’s ambivalent interest for Joyce and Lacan’s theory of the “sinthome”, which helps him assess Joyce’s ability to craft a name for himself through writing will orient our reading of Nabokov, in particular of Speak Memory and of Lolita. This leads us to attribute a different place to Nabokov’s lifelong pursuit of butterflies and to Lolita who provided a name for nymphets to be. The term “nymphome” enables us to name Nabokov as the artist of metamorphosis and exile.
690 _aAutres rivages
690 _aFreud
690 _aJoyce
690 _aLacan
690 _aLolita
690 _aMétamorphose
690 _aNabokov
690 _aSinthome
690 _aFreud
690 _aJoyce
690 _aLacan
690 _aLolita
690 _aMetamorphosis
690 _aNabokov
690 _aSinthome
690 _aSpeak Memory
786 0 _nSavoirs et clinique | 15 | 1 | 2012-04-01 | p. 83-96 | 1634-3298
856 4 1 _uhttps://shs.cairn.info/revue-savoirs-et-cliniques-2012-1-page-83?lang=fr&redirect-ssocas=7080
999 _c1595372
_d1595372